00682nam a2200181 a 450000100100000000500170001000800410002704000250006808200150009310000310010824500470013926000360018630000200022204900090024295201130025195201190036499900170048300003154420200930063014.0110627s1967 dr 000 0 spa d aDO-SdBNPbspacBNPHU axxxxbE18y1 aEchavarria, Colón95790610aYo hablé con Dios /cColón Echavarria. a[Santo Domingo :bs.n.],c1967. a12 p. ;c20 cm. aBNPD 0010718PDaPDbPDcHDd2011-06-27iLF1l0oxxxx E18yp31544-10r2020-06-25w2020-06-25yLFPDZNo se presta 0010718PDaPDbPDcCTd2011-10-26iLF1l0oxxxx E18yp31544-20r2020-06-25te. 2w2020-06-25yLFPDZNo se presta c31036d31036